| 000 | 00797cam a2200277 4500 | ||
|---|---|---|---|
| 001 | A259 | ||
| 008 | 090401t1991 xxu||||| |||| 00| 0 eng d | ||
| 035 | _a(Sirsi) u95325 | ||
| 041 | _aeng | ||
| 110 |
_aRoyal Institution of Chartered Surveyors _94900 |
||
| 245 | 4 | _aThe future of the coal industry - coal mining subsidence. Briefing paper No 4 | |
| 260 |
_bRICS _c1991 |
||
| 300 | _a16p | ||
| 350 | _a0 | ||
| 490 |
_aRICS Memorandum _vGCPPA/Report(91)4 )4 |
||
| 520 | _aFourth report in the series on the future of the UK coal industry. | ||
| 650 | _aCOAL INDUSTRY | ||
| 650 | _aCOAL MINING | ||
| 650 | _aFUTURE | ||
| 650 | _aMINING SUBSIDENCE | ||
| 650 | _aPRIVATISATION | ||
| 650 | _aRICS BRIEFING PAPER | ||
| 690 | _aMINING AND MINERALS | ||
| 942 | _n0 | ||
| 948 | _c04/03/1997 | ||
| 999 |
_c98417 _d98417 |
||